[Event "SVK-chT1W 2122"]
[Site "Slovakia"]
[Date "2022.03.20"]
[Round "6.8"]
[White "Riabov, Alexander"]
[Black "Sosovickova, Jana"]
[Result "1-0"]
[WhiteElo "2050"]
[BlackElo "1855"]
[PlyCount "131"]
[EventDate "2021.11.06"]
[EventType "team-tourn"]
[EventRounds "11"]
[EventCountry "SVK"]
[SourceTitle "EXT 2023"]
[Source "ChessBase"]
[SourceDate "2022.10.05"]
[SourceVersion "1"]
[SourceVersionDate "2022.10.05"]
[SourceQuality "1"]
[WhiteTeam "Topolcany"]
[BlackTeam "Dubnica nad Vahom II"]
[WhiteTeamCountry "SVK"]
[BlackTeamCountry "SVK"]

1. e4 e5 2. Nf3 Nc6 3. d4 exd4 4. Bc4 Nf6 5. e5 d5 6. Bb5 Ne4 7. Nxd4 Bd7 8. Bxc6 bxc6 9. 0-0 Bc5 10. c3 0-0 11. Be3 Qe7 12. f3 Nd6 13. Bf4 Nf5 14. Qd3 g5 15. Be3 Qxe5 16. Bf2 Qf6 17. Nd2 a5 18. a4 Nxd4 19. Bxd4 Bf5 20. Qe3 Rfe8 21. Ne4 Qg6 22. Bxc5 dxe4 23. Rae1 g4 24. fxg4 Bxg4 25. Bd4 f5 26. Kh1 Re6 27. Rf4 Rf8 28. Ref1 Qh5 29. c4 Be2 30. R1f2 Bxc4 31. g4 Qh6 32. gxf5 Rd6 33. Rg4+ Kf7 34. Qxh6 Rxh6 35. Bg7 Rg8 36. f6 Rh3 37. Kg2 Rb3 38. Rd2 Bd5 39. Kf1 Rf3+ 40. Rf2 Rxf2+ 41. Kxf2 Rb8 42. Rh4 Rxb2+ 43. Ke3 Rb3+ 44. Ke2 Bc4+ 45. Ke1 Bd3 46. Kd2 c5 47. Bh8 e3+ 48. Kxe3 Bg6+ 49. Kd2 Rb4 50. Rh3 Rxa4 51. Re3 Rd4+ 52. Kc3 Re4 53. Rxe4 Bxe4 54. Kb3 Bc6 55. Bg7 Bb5 56. Bh6 Kxf6 57. Bf4 c6 58. Bd6 c4+ 59. Kc3 Ke6 60. Bc7 a4 61. Kb4 Kd5 62. Bb6 Ke4 63. Kc3 a3 64. Bd8 Ke3 65. Bf6 a2 66. Kb2 1-0

[Event "SVK-chT1W 2122"]
[Site "Slovakia"]
[Date "2022.02.27"]
[Round "4.7"]
[White "Bona, Juraj"]
[Black "Riabov, Alexander"]
[Result "0-1"]
[WhiteElo "1862"]
[BlackElo "2050"]
[PlyCount "50"]
[EventDate "2021.11.06"]
[EventType "team-tourn"]
[EventRounds "11"]
[EventCountry "SVK"]
[SourceTitle "EXT 2023"]
[Source "ChessBase"]
[SourceDate "2022.10.05"]
[SourceVersion "1"]
[SourceVersionDate "2022.10.05"]
[SourceQuality "1"]
[WhiteTeam "Batorove Kosihy"]
[BlackTeam "Topolcany"]
[WhiteTeamCountry "SVK"]
[BlackTeamCountry "SVK"]

1. e4 e5 2. f4 Bc5 3. Nf3 d6 4. c3 Bg4 5. Be2 exf4 6. d4 Bxf3 7. Bxf3 Qh4+ 8. Kf1 Bb6 9. Bd2 Nc6 10. Na3 Nf6 11. Nc4 g5 12. Be1 Qh6 13. Nxb6 axb6 14. g3 0-0-0 15. h3 Rhe8 16. Qa4 Kb8 17. e5 dxe5 18. Bxc6 bxc6 19. Qxc6 e4 20. a4 Rd5 21. b4 Re6 22. Qc4 f3 23. Kf2 g4 24. a5 b5 25. Qa2 e3+ 0-1

[Event "EU-ch Online U2300 Qual"]
[Site "Chess.com INT"]
[Date "2020.05.25"]
[Round "2"]
[White "Petrovic, Aleksa"]
[Black "Riabov, Alexander"]
[Result "0-1"]
[WhiteElo "2072"]
[BlackElo "2004"]
[PlyCount "86"]
[EventDate "2020.05.25"]
[EventType "swiss"]
[EventRounds "8"]
[EventCountry "NET"]
[SourceTitle "EXT 2021"]
[Source "ChessBase"]
[SourceDate "2020.10.23"]
[SourceVersion "1"]
[SourceVersionDate "2020.10.23"]
[SourceQuality "1"]

1. e4 e5 2. Nf3 Nf6 3. d4 Nxe4 4. Bd3 d5 5. dxe5 Nc6 6. Nbd2 Nc5 7. 0-0 Be7 8. b3 Bg4 9. Re1 0-0 10. Nf1 Re8 11. h3 Bh5 12. Ng3 Nxd3 13. cxd3 Bg6 14. e6 fxe6 15. Rxe6 Bf6 16. Rxe8+ Qxe8 17. d4 Be4 18. Be3 Rd8 19. Rc1 Qe7 20. Rc5 g6 21. Kh2 Qd6 22. Rc1 Bxf3 23. Qxf3 Nxd4 24. Qg4 Nf5 25. Bf4 Be5 26. Nxf5 Bxf4+ 27. g3 Qe5 28. Qxf4 Qxf4 29. gxf4 gxf5 30. Rxc7 d4 31. Rc2 Kf7 32. Kg3 Ke6 33. Kf3 Kd5 34. Rc7 Kd6 35. Rxb7 Kc6 36. Re7 d3 37. Re1 Kc5 38. Ke3 Kb4 39. Rd1 Kc3 40. b4 Re8+ 41. Kf3 Kc2 42. Rg1 d2 43. b5 Re1 0-1

[Event "SVK-chT2B 1920"]
[Site "Slovakia"]
[Date "2019.11.17"]
[Round "4.4"]
[White "Podoba, Milan"]
[Black "Riabov, Alexander"]
[Result "1/2-1/2"]
[WhiteElo "1960"]
[BlackElo "1976"]
[PlyCount "38"]
[EventDate "2019.10.26"]
[EventType "team-tourn"]
[EventRounds "11"]
[EventCountry "SVK"]
[SourceTitle "CBM 193 Extra"]
[Source "ChessBase"]
[SourceDate "2020.01.31"]
[SourceVersion "1"]
[SourceVersionDate "2020.01.31"]
[SourceQuality "1"]
[WhiteTeam "Povazske Podhradie"]
[BlackTeam "Topolcany"]
[WhiteTeamCountry "SVK"]
[BlackTeamCountry "SVK"]

1. e4 e5 2. Nc3 Nf6 3. Bc4 Bb4 4. Nge2 Nxe4 5. Nxe4 d5 6. c3 Be7 7. Bd3 dxe4 8. Bxe4 f5 9. Bc2 Be6 10. 0-0 Nc6 11. Re1 Qd6 12. d4 0-0-0 13. d5 Qxd5 14. Qxd5 Rxd5 15. Nf4 exf4 16. Rxe6 Bd6 17. Bb3 Rc5 18. Re1 g6 19. Be6+ Kb8 1/2-1/2

[Event "SVK-chT2B 1819"]
[Site "Slovakia"]
[Date "2018.12.16"]
[Round "6.5"]
[White "Riabov, Alexander"]
[Black "Chrenko, Kristian"]
[Result "0-1"]
[WhiteElo "1994"]
[BlackElo "1995"]
[PlyCount "104"]
[EventDate "2018.10.13"]
[EventType "team-tourn"]
[EventRounds "11"]
[EventCountry "SVK"]
[SourceTitle "CBM 189 Extra"]
[Source "ChessBase"]
[SourceDate "2019.06.03"]
[SourceVersion "1"]
[SourceVersionDate "2019.06.03"]
[SourceQuality "1"]
[WhiteTeam "Topolcany"]
[BlackTeam "Tlmace"]
[WhiteTeamCountry "SVK"]
[BlackTeamCountry "SVK"]

1. e4 c5 2. Nf3 d6 3. d4 cxd4 4. Nxd4 Nf6 5. Nc3 a6 6. Bg5 e6 7. Qd2 h6 8. Be3 Ng4 9. Bc4 Nxe3 10. Qxe3 Nc6 11. 0-0-0 Be7 12. f4 Qb6 13. Rhe1 Nxd4 14. Rxd4 Bf6 15. Rd3 Qxe3+ 16. Rexe3 Ke7 17. Re1 b5 18. Bb3 Bb7 19. a4 b4 20. Na2 a5 21. c3 Rac8 22. Kb1 Ba6 23. Rf3 bxc3 24. Nxc3 Bxc3 25. Rxc3 Rxc3 26. bxc3 Bd3+ 27. Bc2 Rb8+ 28. Kc1 Bc4 29. Kd2 Kd7 30. Bd3 Bxd3 31. Kxd3 Rb2 32. Re2 Rxe2 33. Kxe2 Kc6 34. Ke3 Kc5 35. Kd3 f5 36. exf5 exf5 37. g3 h5 38. h3 g6 39. c4 Kb4 40. Kd4 Kxa4 41. Kd5 Kb4 42. Kxd6 Kxc4 43. Ke5 a4 44. Kf6 a3 45. Kxg6 a2 46. Kxf5 a1Q 47. g4 hxg4 48. hxg4 Qg7 49. g5 Kd5 50. g6 Kd6 51. Kg5 Ke6 52. f5+ Ke5 0-1

[Event "Levice op"]
[Site "Levice"]
[Date "2018.08.05"]
[Round "7"]
[White "Riabov, Alexander"]
[Black "Balogh, Peter1111"]
[Result "1-0"]
[WhiteElo "1963"]
[BlackElo "2079"]
[PlyCount "83"]
[EventDate "2018.08.02"]
[EventType "swiss"]
[EventRounds "7"]
[EventCountry "SVK"]
[SourceTitle "CBM 185 Extra"]
[Source "ChessBase"]
[SourceDate "2018.07.29"]
[SourceVersion "1"]
[SourceVersionDate "2018.07.29"]
[SourceQuality "1"]

1. e4 e5 2. Nf3 Nc6 3. d4 exd4 4. Bc4 Nf6 5. 0-0 Nxe4 6. Re1 d5 7. Bxd5 Qxd5 8. Nc3 Qh5 9. Nxe4 Be6 10. Bg5 Bd6 11. Nxd6+ cxd6 12. Bf4 Qd5 13. c3 0-0-0 14. Nxd4 Nxd4 15. Qxd4 Qxd4 16. cxd4 Kd7 17. d5 Bf5 18. Re3 Rhe8 19. Rb3 b6 20. Ra3 Ra8 21. Rc1 Re4 22. Be3 Rb4 23. Rac3 Rxb2 24. Rc7+ Ke8 25. Bf4 Rb1 26. Rxb1 Bxb1 27. Bxd6 Bxa2 28. Re7+ Kd8 29. Rxf7 Bxd5 30. Rxg7 Rc8 31. h4 a5 32. Rxh7 Rc6 33. Be5 a4 34. Ra7 b5 35. h5 Rh6 36. g4 Bf3 37. Bg7 Rb6 38. h6 Be4 39. f4 Rg6 40. g5 Rc6 41. Bf6+ Ke8 42. Re7+ 1-0

[Event "SVK-chT2B 1718"]
[Site "Slovakia"]
[Date "2018.02.24"]
[Round "8.3"]
[White "Zatko, Gregor"]
[Black "Riabov, Alexander"]
[Result "1-0"]
[WhiteElo "2167"]
[BlackElo "2030"]
[PlyCount "67"]
[EventDate "2017.10.28"]
[EventType "team-tourn"]
[EventRounds "11"]
[EventCountry "SVK"]
[SourceTitle "EXT 2019"]
[Source "ChessBase"]
[SourceDate "2018.10.10"]
[SourceVersion "1"]
[SourceVersionDate "2018.10.10"]
[SourceQuality "1"]
[WhiteTeam "Levice"]
[BlackTeam "Topolcany"]
[WhiteTeamCountry "SVK"]
[BlackTeamCountry "SVK"]

1. d4 d5 2. Bg5 Nc6 3. Nf3 h6 4. Bh4 g5 5. Bg3 Bg7 6. e3 Nf6 7. c4 Ne4 8. Nc3 e6 9. Rc1 0-0 10. Bd3 f5 11. cxd5 Nxc3 12. Rxc3 exd5 13. 0-0 f4 14. exf4 Nxd4 15. Nxd4 gxf4 16. Bb1 Qf6 17. Qd3 Rf7 18. Ne2 fxg3 19. Qh7+ Kf8 20. Rf3 gxh2+ 21. Kh1 Qe5 22. Rxf7+ Kxf7 23. Ng3 Bd7 24. f4 Qxb2 25. Nh5 Bb5 26. Re1 Rd8 27. Nxg7 Qxg7 28. Re7+ Kxe7 29. Qxg7+ Kd6 30. Qf6+ Kd7 31. Bf5+ Ke8 32. Qh8+ Ke7 33. Qg7+ Ke8 34. Bg6# 1-0

[Event "SVK-ch rapid"]
[Site "Banska Bystrica"]
[Date "2017.09.24"]
[Round "7"]
[White "Riabov, Alexander"]
[Black "Turcan, Richard"]
[Result "1-0"]
[WhiteElo "2025"]
[BlackElo "1817"]
[PlyCount "131"]
[EventDate "2017.09.22"]
[EventType "swiss (rapid)"]
[EventRounds "9"]
[EventCountry "SVK"]
[SourceTitle "EXT 2018"]
[Source "ChessBase"]
[SourceDate "2017.10.13"]
[SourceVersion "1"]
[SourceVersionDate "2017.10.13"]
[SourceQuality "1"]

1. e4 c5 2. Nf3 g6 3. d3 Bg7 4. g3 Nc6 5. Bg2 d6 6. 0-0 e6 7. Re1 Nge7 8. Nbd2 0-0 9. Nf1 e5 10. Ne3 f5 11. exf5 Nxf5 12. Nd5 Nfe7 13. Nc3 Kh8 14. Bg5 h6 15. Bd2 Bg4 16. h3 Be6 17. Qc1 Kh7 18. g4 Bg8 19. Nh4 Qd7 20. f4 exf4 21. Bxf4 Bd4+ 22. Be3 Bxe3+ 23. Qxe3 Rae8 24. Qg3 Nd4 25. Rac1 Nec6 26. Be4 Ne5 27. Nd5 Bxd5 28. Bxd5 Qd8 29. Kg2 b6 30. c3 Ne6 31. Bxe6 Rxe6 32. d4 Qa8+ 33. Kh2 g5 34. dxe5 gxh4 35. Qxh4 dxe5 36. Rf1 Qd8 37. Qxd8 Rxd8 38. Rcd1 Red6 39. Rxd6 Rxd6 40. Rf2 Rd3 41. Kg2 Kg6 42. h4 Re3 43. Rd2 h5 44. g5 Kf5 45. Rf2+ Kg6 46. Rf6+ Kg7 47. Rh6 Re2+ 48. Kf3 Rxb2 49. Rxh5 Rxa2 50. Ke4 Re2+ 51. Kf5 e4 52. Rh6 e3 53. Re6 Rh2 54. Kg4 e2 55. h5 Kf7 56. Re3 b5 57. h6 b4 58. cxb4 cxb4 59. Kg3 b3 60. Kxh2 b2 61. h7 Kg7 62. Rh3 Kh8 63. g6 e1Q 64. g7+ Kxg7 65. h8Q+ Kg6 66. Qg8+ 1-0

[Event "SVK-ch rapid"]
[Site "Banska Bystrica"]
[Date "2017.09.23"]
[Round "3"]
[White "Riabov, Alexander"]
[Black "Petran, Peter"]
[Result "0-1"]
[WhiteElo "2025"]
[BlackElo "2239"]
[PlyCount "80"]
[EventDate "2017.09.22"]
[EventType "swiss (rapid)"]
[EventRounds "9"]
[EventCountry "SVK"]
[SourceTitle "EXT 2018"]
[Source "ChessBase"]
[SourceDate "2017.10.13"]
[SourceVersion "1"]
[SourceVersionDate "2017.10.13"]
[SourceQuality "1"]

1. e4 g6 2. d4 Bg7 3. Nc3 c6 4. Be3 b5 5. Qd2 d6 6. f3 Nd7 7. g4 a6 8. Nge2 h5 9. gxh5 Rxh5 10. Ng3 Rh8 11. h4 Ngf6 12. h5 Nxh5 13. Nxh5 gxh5 14. Qg2 Bf8 15. 0-0-0 Qc7 16. Bd3 Bb7 17. Rh4 0-0-0 18. Rdh1 Nf6 19. Bg5 c5 20. Bxf6 exf6 21. Rxh5 Rg8 22. Qh3+ Kb8 23. Qf5 Bc8 24. Qf4 Be6 25. d5 Bc8 26. Rh7 Qe7 27. Bf1 Rg5 28. Bh3 Bg7 29. Bxc8 Rxc8 30. Ne2 f5 31. Rg1 Bf6 32. Kd1 Rcg8 33. Rxg5 Rxg5 34. b3 b4 35. Ng3 Be5 36. Nxf5 Qf6 37. Qe3 Bf4 38. Qxf4 Qa1+ 39. Ke2 Rg2+ 40. Ke3 Qc1+ 0-1

[Event "SVK-chT2B 1617"]
[Site "Slovakia"]
[Date "2016.12.03"]
[Round "5.2"]
[White "Lancz, Ondrej"]
[Black "Riabov, Alexander"]
[Result "1-0"]
[WhiteElo "2068"]
[BlackElo "2061"]
[PlyCount "91"]
[EventDate "2016.10.08"]
[EventType "team-tourn"]
[EventRounds "11"]
[EventCountry "SVK"]
[SourceTitle "EXT 2018"]
[Source "ChessBase"]
[SourceDate "2017.10.13"]
[SourceVersion "1"]
[SourceVersionDate "2017.10.13"]
[SourceQuality "1"]
[WhiteTeam "Sala Slovan Duslo"]
[BlackTeam "Topolcany"]
[WhiteTeamCountry "SVK"]
[BlackTeamCountry "SVK"]

1. d4 d5 2. c4 Nc6 3. Nf3 Bg4 4. cxd5 Bxf3 5. gxf3 Qxd5 6. e3 e5 7. Nc3 Bb4 8. Bd2 Bxc3 9. bxc3 Qd6 10. Rb1 0-0-0 11. Qb3 b6 12. Bg2 f5 13. 0-0 Nge7 14. Qb5 f4 15. Qa6+ Kb8 16. a4 Nf5 17. a5 Nh4 18. axb6 cxb6 19. Rxb6+ axb6 20. Qxb6+ Kc8 21. Bh3+ Rd7 22. Ra1 Qc7 23. Ra8+ Nb8 24. Bxd7+ Kxd7 25. Ra7 Rc8 26. Rxc7+ Rxc7 27. Qxb8 Nxf3+ 28. Kg2 Nxd2 29. Qb5+ Kc8 30. Qxe5 f3+ 31. Kg3 Rc6 32. Qe8+ Kb7 33. Qf7+ Kb6 34. Qa2 Ne4+ 35. Kxf3 Nxc3 36. Qb3+ Ka6 37. e4 Nb5 38. Qa4+ Kb6 39. d5 Rc3+ 40. Kg4 Kc5 41. f3 Rc4 42. Qa6 Nc7 43. Qc6+ Kd4 44. Qd7 Ke3 45. Qxg7 Nxd5 46. Qg5+ 1-0

[Event "SVK-chT2B 1617"]
[Site "Slovakia"]
[Date "2016.10.08"]
[Round "1.1"]
[White "Riabov, Alexander"]
[Black "Reisel, Frantisek"]
[Result "1-0"]
[WhiteElo "2061"]
[BlackElo "2029"]
[PlyCount "69"]
[EventDate "2016.10.08"]
[EventType "team-tourn"]
[EventRounds "11"]
[EventCountry "SVK"]
[SourceTitle "CBM 175 Extra"]
[Source "ChessBase"]
[SourceDate "2016.12.12"]
[SourceVersion "1"]
[SourceVersionDate "2016.12.12"]
[SourceQuality "1"]
[WhiteTeam "Topolcany"]
[BlackTeam "Prievidza II"]
[WhiteTeamCountry "SVK"]
[BlackTeamCountry "SVK"]

1. e4 c5 2. Nf3 d6 3. d4 cxd4 4. Nxd4 Nf6 5. Nc3 g6 6. Be3 Bg7 7. Qd2 0-0 8. 0-0-0 Nc6 9. Bc4 Bd7 10. f3 Rc8 11. Bb3 Ne5 12. g4 Nc4 13. Bxc4 Rxc4 14. h4 h5 15. g5 Ne8 16. f4 Bg4 17. Rdf1 e5 18. Nde2 exf4 19. Rxf4 Bxe2 20. Qxe2 Rc6 21. Nd5 Be5 22. Rf3 Kg7 23. Rhf1 Qa5 24. Qf2 f5 25. gxf6+ Kf7 26. a3 Nc7 27. Ne7 Ne6 28. Qg2 Ke8 29. Qxg6+ Rf7 30. Nxc6 bxc6 31. Qg8+ Nf8 32. Bh6 Qb5 33. Bxf8 Qxb2+ 34. Kd1 Qd4+ 35. Rd3 1-0

[Event "SVK-chT2B 1516"]
[Site "Slovakia"]
[Date "2016.03.12"]
[Round "10.3"]
[White "Riabov, Alexander"]
[Black "Nagy, Tomas"]
[Result "1/2-1/2"]
[WhiteElo "2063"]
[BlackElo "2232"]
[PlyCount "38"]
[EventDate "2015.10.17"]
[EventType "team-tourn"]
[EventRounds "11"]
[EventCountry "SVK"]
[SourceTitle "EXT 2019"]
[Source "ChessBase"]
[SourceDate "2018.10.10"]
[SourceVersion "1"]
[SourceVersionDate "2018.10.10"]
[SourceQuality "1"]
[WhiteTeam "Topolciansky CVC"]
[BlackTeam "Sala Slovan Duslo"]
[WhiteTeamCountry "SVK"]
[BlackTeamCountry "SVK"]

1. e4 c6 2. d4 d5 3. Nd2 dxe4 4. Nxe4 Bf5 5. Ng3 Bg6 6. Nf3 Nd7 7. Bd3 e6 8. 0-0 Ngf6 9. Bg5 Be7 10. c3 Bxd3 11. Qxd3 0-0 12. Rfe1 Re8 13. Rad1 Qc7 14. h4 Rad8 15. b4 a5 16. a3 axb4 17. axb4 Ra8 18. Ra1 h6 19. Bd2 b5 1/2-1/2

[Event "SVK-chT2B 1516"]
[Site "Slovakia"]
[Date "2015.12.06"]
[Round "6.4"]
[White "Riabov, Alexander"]
[Black "Masarik, Drahoslav"]
[Result "1-0"]
[WhiteElo "2050"]
[BlackElo "2038"]
[PlyCount "65"]
[EventDate "2015.10.17"]
[EventType "team-tourn"]
[EventRounds "11"]
[EventCountry "SVK"]
[SourceTitle "EXT 2019"]
[Source "ChessBase"]
[SourceDate "2018.10.10"]
[SourceVersion "1"]
[SourceVersionDate "2018.10.10"]
[SourceQuality "1"]
[WhiteTeam "Topolciansky CVC"]
[BlackTeam "Trencin PK"]
[WhiteTeamCountry "SVK"]
[BlackTeamCountry "SVK"]

1. e4 c6 2. d4 d5 3. Nd2 dxe4 4. Nxe4 Bf5 5. Ng3 Bg6 6. f4 e6 7. Nf3 Nd7 8. Bd3 Bxd3 9. Qxd3 Ngf6 10. f5 Bd6 11. fxe6 fxe6 12. Ng5 Qa5+ 13. Bd2 Qd5 14. c4 Bxg3+ 15. hxg3 Qf5 16. Qe2 0-0 17. 0-0-0 Rfe8 18. Rdf1 Qg6 19. Rh4 e5 20. Rfh1 exd4 21. Qf1 Nc5 22. Nxh7 Nd3+ 23. Kd1 Nxb2+ 24. Kc1 Nd3+ 25. Kd1 Ng4 26. Ng5 Ngf2+ 27. Kc2 Ne1+ 28. Kb2 Nfd3+ 29. Ka3 Nc2+ 30. Kb3 Nc5+ 31. Kb2 Na4+ 32. Kc1 Re1+ 33. Qxe1 1-0

[Event "Stara Lubovna Sorea op"]
[Site "Stara Lubovna"]
[Date "2015.09.05"]
[Round "5"]
[White "Riabov, Alexander"]
[Black "Jurkiewicz, Krzysztof"]
[Result "0-1"]
[WhiteElo "2107"]
[BlackElo "2042"]
[PlyCount "126"]
[EventDate "2015.09.03"]
[EventType "swiss"]
[EventRounds "7"]
[EventCountry "SVK"]
[SourceTitle "EXT 2016"]
[Source "ChessBase"]
[SourceDate "2015.10.08"]
[SourceVersion "1"]
[SourceVersionDate "2015.10.08"]
[SourceQuality "1"]

1. e4 c5 2. Nf3 d6 3. g3 e5 4. Bg2 g6 5. 0-0 Bg7 6. d3 Ne7 7. Ne1 Nbc6 8. f4 0-0 9. Nc3 Bd7 10. g4 exf4 11. Bxf4 Ne5 12. h3 Bc6 13. Bg5 f6 14. Be3 f5 15. gxf5 gxf5 16. Qh5 Qe8 17. Qg5 fxe4 18. Rxf8+ Qxf8 19. Nxe4 Nf5 20. Bf2 Re8 21. Nf3 Kh8 22. Nxe5 Rxe5 23. Rf1 Qg8 24. Nf6 Qe6 25. Ng4 Re2 26. Bxc6 bxc6 27. Qd8+ Qg8 28. Qxg8+ Kxg8 29. Bxc5 Ng3 30. Rf3 dxc5 31. Rxg3 Rxc2 32. Rg2 Rc1+ 33. Kh2 Kf8 34. Re2 Ra1 35. b3 Rd1 36. Ne5 a6 37. Nd7+ Kf7 38. Nxc5 a5 39. a4 Bd4 40. Nb7 Bb6 41. Rc2 Rxd3 42. Rxc6 Rxb3 43. Nd6+ Kf8 44. Nc4 Bd8 45. Rc5 Rb4 46. Rc8 Ke7 47. Ne5 Rxa4 48. Nc6+ Kd7 49. Rxd8+ Kxc6 50. Rh8 Rh4 51. Kg3 Rh6 52. Rb8 a4 53. h4 Kc5 54. Ra8 Kb5 55. Ra7 Rg6+ 56. Kf4 h6 57. Ke3 Rg4 58. Kd3 Rxh4 59. Rb7+ Kc5 60. Kc3 Rh3+ 61. Kb2 Rb3+ 62. Rxb3 axb3 63. Kxb3 h5 0-1

[Event "Kosice Kotan Memorial 7th"]
[Site "Kosice"]
[Date "2015.07.21"]
[Round "5"]
[White "Jacko, Vladimir1111"]
[Black "Riabov, Alexander"]
[Result "1-0"]
[WhiteElo "2355"]
[BlackElo "2099"]
[PlyCount "77"]
[EventDate "2015.07.18"]
[EventType "swiss"]
[EventRounds "9"]
[EventCountry "SVK"]
[SourceTitle "EXT 2016"]
[Source "ChessBase"]
[SourceDate "2015.10.08"]
[SourceVersion "1"]
[SourceVersionDate "2015.10.08"]
[SourceQuality "1"]

1. d4 g6 2. e4 Bg7 3. f4 d6 4. Nf3 Nd7 5. Nc3 c6 6. Be3 Qb6 7. Qd2 Qxb2 8. Rb1 Qa3 9. Bd3 e5 10. Rb3 Qa5 11. dxe5 dxe5 12. Bc4 exf4 13. Bxf4 Nc5 14. e5 Nxb3 15. cxb3 Ne7 16. 0-0 Nd5 17. Nxd5 Qxd2 18. Nc7+ Kd8 19. Nxd2 Kxc7 20. e6+ Kd8 21. Bg5+ f6 22. Rxf6 Bxf6 23. Bxf6+ Kc7 24. Be5+ Kd8 25. Bxh8 Bxe6 26. Bc3 Bxc4 27. Nxc4 Ke7 28. Na5 Rb8 29. Be5 Rd8 30. Bf4 Rd7 31. Be3 Rd1+ 32. Kf2 Ra1 33. a4 Rb1 34. Bxa7 Kd7 35. Bb6 Rb2+ 36. Kf3 Ke6 37. Bd4 Rb1 38. Ke4 Kd7 39. Nxb7 1-0

[Event "SVK-ch Amateurs"]
[Site "Stara Lubovna"]
[Date "2015.05.08"]
[Round "3"]
[White "Riabov, Alexander"]
[Black "Druska, Robert"]
[Result "0-1"]
[WhiteElo "2135"]
[BlackElo "2002"]
[PlyCount "102"]
[EventDate "2015.05.07"]
[EventType "swiss"]
[EventRounds "7"]
[EventCountry "SVK"]
[SourceTitle "EXT 2017"]
[Source "ChessBase"]
[SourceDate "2016.10.25"]
[SourceVersion "1"]
[SourceVersionDate "2016.10.25"]
[SourceQuality "1"]

1. e4 c5 2. Nf3 Nc6 3. g3 g6 4. Bg2 Bg7 5. 0-0 d6 6. d3 Bd7 7. Nbd2 Nf6 8. Re1 e5 9. Nf1 Qc8 10. h4 0-0 11. Bg5 h6 12. Bd2 Nh5 13. N3h2 Kh7 14. c3 Ne7 15. Bf3 Rg8 16. Bxh5 gxh5 17. Qxh5 f5 18. c4 Be8 19. Qe2 Bf6 20. Kh1 f4 21. gxf4 Qh3 22. Qf3 Qxh4 23. Ng3 exf4 24. Qxf4 Bd7 25. Qxh4 Bxh4 26. Bf4 Raf8 27. Bxd6 Rxf2 28. Rf1 Rxb2 29. Rf7+ Kg6 30. Rxe7 Bxe7 31. Bxe7 Kf7 32. Bd6 Bh3 33. Nhf1 Ke6 34. Bxc5 Bg2+ 35. Kg1 Bxf1 36. Kxf1 Rxg3 37. d4 b6 38. d5+ Ke5 39. Be7 Rh2 40. d6 Ke6 41. Rd1 Rh1+ 42. Ke2 Rxd1 43. Kxd1 Re3 44. Kd2 Rxe4 45. Kd3 Re5 46. Kc3 h5 47. a4 Kd7 48. Bf8 h4 49. Kd4 Re8 50. Bh6 h3 51. Bf4 Re2 0-1

[Event "SVK-ch Amateurs"]
[Site "Stara Lubovna"]
[Date "2015.05.07"]
[Round "1"]
[White "Riabov, Alexander"]
[Black "Zeman, Jan"]
[Result "1-0"]
[WhiteElo "2135"]
[BlackElo "1776"]
[PlyCount "83"]
[EventDate "2015.05.07"]
[EventType "swiss"]
[EventRounds "7"]
[EventCountry "SVK"]
[SourceTitle "EXT 2017"]
[Source "ChessBase"]
[SourceDate "2016.10.25"]
[SourceVersion "1"]
[SourceVersionDate "2016.10.25"]
[SourceQuality "1"]

1. e4 e5 2. Nf3 d6 3. d4 exd4 4. Nxd4 Be7 5. Bc4 Nf6 6. Nc3 c6 7. a4 0-0 8. 0-0 Nbd7 9. Re1 Ne5 10. Ba2 a6 11. f4 Ng6 12. a5 Qc7 13. h3 c5 14. Nf5 Be6 15. Nd5 Bxd5 16. exd5 Rae8 17. Bc4 Bd8 18. Bd2 Qd7 19. g4 Rxe1+ 20. Qxe1 Re8 21. Qf1 h5 22. Qf3 Ne4 23. Be3 hxg4 24. hxg4 Nh4 25. Nxh4 Bxh4 26. Kg2 Bd8 27. Rh1 Nf6 28. f5 Qe7 29. Bf4 Qe4 30. Bd3 Qxf3+ 31. Kxf3 Nxd5 32. Bxd6 Bxa5 33. Be4 Nb4 34. Bxc5 Nxc2 35. Bxc2 Rc8 36. b4 Bd8 37. Re1 Bf6 38. Be4 Rc7 39. Kf4 a5 40. Bb6 Rc4 41. bxa5 Bc3 42. Rd1 1-0